00625nam a2200181 i 450000100060000000300090000600500170001500700030003200800410003510000270007624500880010326000330019130000220022470000260024685200320027299900170030495201220032155759ES-MaACL20230906163220.0t|030926s1971 sp ||||1| spa d1 aDewailly, L. M.94403313aLa joven Iglesia de Tesalónica / cL.M. Dewailly ; traducción por Eloy Requena. aMadrid : bStudium, c[1971] a152 p. ; c22 cm.1 aRequena, Eloy.996289 aES-MaACLjC-47511 bR.79433 c55759d55759 00104070aATENEOMbATENEOMcDEPO2d2008-01-17eSCl0oC-47511p1058573r2023-02-23 00:00:00w2023-02-23yMONOGRAFIA